Concrete Microstructure, Properties, and Materials (Record no. 591474)

000 -LEADER
fixed length control field 00523 a2200181 4500
003 - CONTROL NUMBER IDENTIFIER
control field NUST
005 - DATE AND TIME OF LATEST TRANSACTION
control field 20221003193908.0
008 - FIXED-LENGTH DATA ELEMENTS--GENERAL INFORMATION
fixed length control field 221003b ||||| |||| 00| 0 eng d
020 ## - INTERNATIONAL STANDARD BOOK NUMBER
International Standard Book Number 0071462899
082 ## - DEWEY DECIMAL CLASSIFICATION NUMBER
Classification number 620.136 MEH
100 ## - MAIN ENTRY--PERSONAL NAME
Personal name Mehta, P.Kumar
9 (RLIN) 45442
245 ## - TITLE STATEMENT
Title Concrete Microstructure, Properties, and Materials
Statement of responsibility, etc. P. Kumar Mehta, Paulo J. M. Monteiro
250 ## - EDITION STATEMENT
Edition statement 3rd ed.
260 ## - PUBLICATION, DISTRIBUTION, ETC.
Place of publication, distribution, etc. New York :
Name of publisher, distributor, etc. Mc Graw Hill,
Date of publication, distribution, etc. 2006
300 ## - PHYSICAL DESCRIPTION
Extent xxi, 658p. :
Other physical details ill. ;
Dimensions 25 cm
Accompanying material CD
650 ## - SUBJECT ADDED ENTRY--TOPICAL TERM
Topical term or geographic name entry element Concrete
942 ## - ADDED ENTRY ELEMENTS (KOHA)
Source of classification or shelving scheme
Koha item type Book
Holdings
Withdrawn status Lost status Source of classification or shelving scheme Damaged status Not for loan Permanent Location Current Location Date acquired Total Checkouts Total Renewals Full call number Barcode Checked out Date last seen Date last checked out Price effective from Koha item type
          School of Civil and Environmental Engineering (SCEE) School of Civil and Environmental Engineering (SCEE) 10/03/2022 4 4 620.136 MEH NIT-4263 06/18/2025 02/18/2025 02/18/2025 10/03/2022 Book
© 2023 Central Library, National University of Sciences and Technology. All Rights Reserved.